मला उमजलेले स्वातंत्र्यवीर (Record no. 370189)

MARC details
000 -LEADER
fixed length control field 00482 a2200145 4500
003 - CONTROL NUMBER IDENTIFIER
control field OSt
005 - DATE AND TIME OF LATEST TRANSACTION
control field 20260205142549.0
008 - FIXED-LENGTH DATA ELEMENTS--GENERAL INFORMATION
fixed length control field 260205b |||||||| |||| 00| 0 eng d
020 ## - INTERNATIONAL STANDARD BOOK NUMBER
International Standard Book Number 9788194867418
100 ## - MAIN ENTRY--PERSONAL NAME
Personal name गोडबोले अ .
245 ## - TITLE STATEMENT
Title मला उमजलेले स्वातंत्र्यवीर
260 ## - PUBLICATION, DISTRIBUTION, ETC. (IMPRINT)
Name of publisher, distributor, etc. भारतीय विचार साधना प्रकाशन
Date of publication, distribution, etc. 2011
Place of publication, distribution, etc. पुणे
300 ## - PHYSICAL DESCRIPTION
Extent 168PP.
942 ## - ADDED ENTRY ELEMENTS (KOHA)
Koha item type Books
Source of classification or shelving scheme Dewey Decimal Classification
Holdings
Withdrawn status Lost status Source of classification or shelving scheme Damaged status Not for loan Collection code Home library Current library Date acquired Vendor Cost, normal purchase price Total Checkouts Barcode Date last seen Cost, replacement price Bill Date Koha item type Original Barcode
    Dewey Decimal Classification     MCA MKSSS s K.B. Joshi Institute of Information Technology Library MKSSS s K.B. Joshi Institute of Information Technology Library 03/02/2026 188 105.00   KBJP-BK-3002 03/02/2026 150.00 03/02/2026 Books 3002